Szczegóły MARC21

Nauczyciele oraz ich stowarzyszenia na tle dyskursu społecznego w modernizującej się Europie : (na przykładzie Śląska Austriackiego) /

003 -Nazwa inst., której nr kontr. jest w polu 001 [,]
    • @
    • Nazwa instytucji, której n kontrolny jest w polu 001
    • NUKAT
005 -DATA I CZAS OSTATNIEJ MODYFIKACJI [,]
    • @
    • pole kontrolne
    • 20241231114255.0
020 -Międzynarod. znormalizowany nr książki - ISBN [ , ]
    • a
    • Numer ISBN
    • 9788381800556 Find
040 -Instytucja sporządzająca opis [ , ]
    • a
    • Instytucja, która sporządziła opis (NP)
    • Ł U/eg
    • b
    • Język katalogowania
    • pol
    • e
    • Zasady katalogowania
    • rda
    • c
    • Instytucja, która sporządziła rekord (NP)
    • Ł U/eg
    • d
    • Instytucja, która zmodyfikowała rekord (P)
    • Ł U/eg
    • d
    • Instytucja, która zmodyfikowała rekord (P)
    • KAT U/MBs
041 -Język dokumentu [0, ]
    • a
    • Język tekstu (P)
    • polski
    • b
    • Język streszczeń lub abstraktu (P)
    • eng
    • b
    • Język streszczeń lub abstraktu (P)
    • cze
    • b
    • Język streszczeń lub abstraktu (P)
    • ger
942 -Rodzaj dokumentu [ , ]
    • c
    • Rodzaj dokumentu
    • Książka
100 -Hasło główne - nazwa osobowa [1, ]
    • a
    • Nazwa osobowa (NP)
    • Bogus-Spyra, Marzena
    • d
    • Daty biograficzne (NP)
    • (1965- ).
    • e
    • Rodzaj współpracy
    • Autor
    • 9
    • KHW
    • 505352
245 -Strefa tytułu i oznaczenia odpowiedzialności [1,0]
    • a
    • Tytuł
    • Nauczyciele oraz ich stowarzyszenia na tle dyskursu społecznego w modernizującej się Europie : Find
    • b
    • Ciąg dalszy tytułu (NP)
    • (na przykładzie Śląska Austriackiego) / Find
    • c
    • Pozostałe elementy strefy tytułu i oznaczenia odpowiedzialności (NP)
    • Marzena Bogus, Janusz Spyra.
260 -Strefa adresu wydawniczego [ , ]
    • a
    • Miejsce wydania (P)
    • Toruń :
    • b
    • Nazwa wydawcy (P)
    • Wydawnictwo Adam Marszałek,
    • c
    • Data wydania (P)
    • 2019.
300 -Strefa opisu fizycznego [ , ]
    • a
    • Określenie formy książki i/lub objętość (NP)
    • 552 strony :
    • b
    • Oznaczenie ilustracji (NP)
    • ilustracje ;
    • c
    • Format (NP)
    • 23 cm.
336 -Typ zawartości [ , ]
    • a
    • Termin opisujący typ zawartości
    • Tekst
    • b
    • Kod określający zawartość
    • txt
    • 2
    • Źródło (terminu i kodu)
    • rdacontent
337 -Typ mediów [ , ]
    • a
    • Tryb odtwarzania
    • Bez urządzenia pośredniczącego
    • b
    • Kod typu mediów
    • n
    • 2
    • Źródło (terminu i kodu)
    • rdamedia
338 -Typ/rodzaj nośnika [ , ]
    • a
    • Hasło opisujące typ nośnika
    • Wolumin
    • b
    • Kod typu nośnika
    • nc
    • 2
    • Źródło (terminu i kodu)
    • rdacarrier
504 -Uwaga dot. bibliogr. załącznikowej [ , ]
    • a
    • Uwaga dot. bibliografii załącznikowej
    • Bibliografia na stronach 499-525. Indeks.
536 -Uwaga dot. finansowania książki [ , ]
    • a
    • Tekst uwagi
    • Projekt został sfinansowany ze środków Narodowego Centrum Nauki przyznanych na podstawie decyzji
    • d
    • Numer programu, zadania, pracy
    • DEC-2013/11/B/HS3/04478
546 -Uwaga dot. języka [ , ]
    • a
    • Uwaga dot. języka
    • Streszczenie angielskie, czeskie, niemieckie.
650 -Hasło przedmiotowe [ ,7]
    • a
    • Hasło przedmiotowe
    • Nauczyciele
    • z
    • Określnik geograficzny
    • Śląsk (region)
    • y
    • Określnik chronologiczny
    • 19 w.
    • 2
    • Źródło terminu
    • kaba
    • 9
    • KHW
    • 505423
700 -Hasło dodatkowe - nazwa osobowa [1, ]
    • a
    • Nazwa osobowa (NP)
    • Spyra, Janusz Find
    • d
    • Daty biograficzne (NP)
    • (1958- ).
    • e
    • Określenie rodzaju współpracy
    • Autor
    • 9
    • KHW
    • 505351
710 -Hasło dodatkowe - nazwa ciała zbiorowego [2, ]
    • a
    • Nazwa ciała zbiorowego lub nazwa geograficzna jako pierwszy element (NP)
    • Wydawnictwo Adam Marszałek.
    • e
    • Rodzaj współpracy
    • Wydawca
    • 4
    • Kod relacji
    • pbl
    • 9
    • KHW
    • 53600
920 -ISBN [ , ]
    • a
    • ISBN
    • 978-83-8180-055-6 Find
Lokalizacja Data inwentaryzacji Status udost. Numer inwentarzowy
BG2019-10-031Z.123827
BG2019-10-03-3WM.23879
BG2019-10-03-3WM.23880